| 000 | 01099nam a2200241Ia 4500 | ||
|---|---|---|---|
| 999 |
_c39976 _d39976 |
||
| 001 | 6582 | ||
| 003 | GE_BSU | ||
| 005 | 20191206175009.0 | ||
| 008 | 181216s2008||||ge |||||||||||||| ||geo|| | ||
| 020 | _a9789941900358 | ||
| 040 | _cGE_BSU | ||
| 041 | _ageo | ||
| 080 | _a821.353.1-1 ჯ-18 | ||
| 100 |
_aჯალაღონია, ნოდარ _95717 |
||
| 245 |
_aმსაჯული დრო და წლებია. _bლექსები, 2007 წ., 2006 წ., 2005 წ., 2004 წ., 2003 წ. / _cნოდარ ჯალაღონია ; რედ. გურამ გოგიაშვილი ; რედ.-გამომც. მურმან ზაქარაია |
||
| 264 |
_aთბილისი : _bზანი, _c2008. |
||
| 300 |
_a159 გვ. ; _b20 სმ. |
||
| 653 | _aლექსები | ||
| 653 | _aმხატვრული ლიტერატურა | ||
| 700 |
_aგოგიაშვილი, გ. _eრედაქტორი _95718 |
||
| 700 |
_aზაქარაია, მ. _eრედაქტორი _95719 |
||
| 942 |
_cBK _2udc |
||